000 00756nam a22002532a 4500
001 43602
003 BD-RJUL
005 20211209053724.0
008 160625m19611947nyub b 001 0 eng d
035 _aBD-RJUL 43720)
040 _aWSU
_cWSU
_dVXX
_dUKM
_dEQO
_dBD-RJUL
_beng
041 _aeng
082 _218
_a332.0973
_bKEM 1961
100 1 _aKent, Raymond P.,
_d1909-
_9133959
245 1 0 _aMoney and banking /
_cRaymond P. Kent
250 _a4th ed.
260 _aNew York :
_bHolt, Rinehart and Winston,
_c1956,1961
300 _axiv, 787 p. :
_bill. ;
_c24 cm
504 _aIncludes bibliographical references and index
650 0 _aMoney.
_9133960
650 0 _aBanks and banking
_9133961
942 _2ddc
_cBK
999 _c43602
_d43602